000 00443nam a2200181Ia 4500
005 20250603144900.0
008 250603s9999 xx 000 0 und d
020 _a978-0-521-58699-3
050 _aPE 1106 .H76/
100 _aHuddleston, Rodney
245 0 _aEnglish grammer : an outline
260 _aCambridge ; New York
260 _bCambridge
260 _c1988
300 _a212 p
650 _aCambridge ; New York
942 _cBK
999 _c40231
_d40231